Normal view
MARC view
Entry Topical Term
001 - CONTROL NUMBER
- control field: 2386
003 - CONTROL NUMBER IDENTIFIER
- control field: BD-RjUL
005 - DATE AND TIME OF LATEST TRANSACTION
- control field: 20220411145109.0
008 - FIXED-LENGTH DATA ELEMENTS
- fixed length control field: 220411|| aca||aabn | a|a d
040 ## - CATALOGING SOURCE
- Original cataloging agency: BD-RjUL
- Transcribing agency: BD-RjUL
150 ## - HEADING--TOPICAL TERM
- Topical term or geographic name entry element: লোকসাহিত্য, বাংলা
- General subdivision: ইতিহাস ও সমালোচনা
670 ## - SOURCE DATA FOUND
- Source citation: Work cat.: (BD-RjUL)79686: মোস্তফা, এস. এম. মাসউদ 2385, ময়মনসিংহ অঞ্চলের কোচ আদিবাসী :, ২০০৭